000 00599nam a22002177a 4500
003 UA-OsUOA
001 95828
007 ta
008 20130311b un ||||| |||| 00| 0 ukr d
090 _a821.161.1
_bИ88
942 _cBK
040 _aUA-OsUOA
_bukr
_cUA-OsUOA
_dUA-OsUOA
245 _aИспанские повести и рассказы
_cсост. Р. Похлебкин
300 _a510 с.
955 _a3
041 _aukr
080 _a821.161.1
260 _aМ.
_bГИХЛ
_c1958
650 7 _a82 Література. Літературознавство
_2UDC
999 _c382077
_d382077